[Event "BIH-chT 5th"]
[Site "Banja Vrucica"]
[Date "2006.06.26"]
[Round "9"]
[White "Atalik, Suat"]
[Black "Vukic, Milan"]
[Result "1-0"]
[WhiteElo "2632"]
[BlackElo "2516"]
[Annotator "Atalik,S"]
[PlyCount "83"]
[EventDate "2006.06.18"]
[EventType "team-tourn"]
[EventRounds "9"]
[EventCountry "BIH"]
[SourceTitle "EXT 2008"]
[Source "ChessBase"]
[SourceDate "2007.11.25"]
[SourceVersion "1"]
[SourceVersionDate "2007.11.25"]
[SourceQuality "1"]
[WhiteTeam "Sarajevo Bosna"]
[BlackTeam "Sarajevo Zeljeznicar"]
[WhiteTeamCountry "BIH"]
[BlackTeamCountry "BIH"]

1. d4 Nf6 2. c4 d6 3. Nc3 Nbd7 4. e4 e5 5. Nf3 c6 6. g3 $5 Be7 (6... Qa5 $5 7.
Bd2 Qb6 8. Na4 Qc7 9. Qc2 Be7 10. Bg2 O-O 11. O-O $13) 7. Bg2 O-O 8. O-O a6 9.
b3 (9. h3 b5 10. c5 Qc7 $11) 9... Re8 ({in case of} 9... b5 10. c5 $13 {
and b3 may be more useful than h3 in some lines.}) 10. Bb2 {I had some other
options.} (10. a4 a5 11. h3 exd4 12. Nxd4 Nc5 13. Be3 Bf8 14. Qc2 $14) (10. h3
b5 11. c5 Bb7 $11) (10. Qc2 b5 11. d5 cxd5 12. cxd5 Bb7 (12... Qc7 13. Ne1) 13.
a3 Rc8 14. Bd2 $11) (10. d5 Nc5 11. Ne1 a5 12. Nd3 $11) 10... Bf8 (10... b5 11.
c5) 11. Qc2 b5 12. Rfd1 (12. d5 Bb7 13. dxc6 Bxc6 14. Nd2 Rc8 $132) 12... Qc7 (
12... bxc4 $5 13. bxc4 Qc7 14. c5 dxc5 15. dxe5 Ng4 16. Na4 Ngxe5 17. Nd2 $44 (
17. Nxe5 $2 Nxe5 18. Nxc5 Bg4)) (12... Bb7 13. cxb5 cxb5 14. a3 Qb6 15. d5 Rac8
16. b4 Rc7 17. Bf1 Rec8 18. Re1 $14) 13. cxb5 cxb5 14. a3 $5 (14. Rac1 Bb7 15.
Qe2 Qb6 16. dxe5 dxe5 17. Nh4 $36) 14... exd4 (14... Bb7 15. d5) 15. Nxd4 Bb7
16. Re1 Rac8 17. Rad1 $14 {I did not get much out of the opening.} Qb8 (17...
d5 18. exd5 Rxe1+ 19. Rxe1 Nxd5 20. Qe4 (20. Nxd5 $5 Qxc2 21. Nxc2 (21. Ne7+
Bxe7 (21... Kh8 $2 22. Nxc2 Rxc2 23. Bxb7 Rxb2 24. b4 $16) 22. Nxc2 Bxg2 23.
Kxg2 Rxc2 24. Rxe7 Rxb2 25. Rxd7 $11) 21... Rxc2 22. Ne7+ Bxe7 23. Bxb7 Bc5 24.
Re8+ Nf8 25. Be5 $44 {White has some strong attack here.}) (20. Bxd5 Bxd5 21.
Nxd5 Qxc2 22. Nxc2 Rxc2 23. Ne7+ Bxe7 (23... Kh8 24. Bd4) 24. Rxe7 Rxb2 25.
Rxd7 $11) 20... N7f6 21. Nxd5 Bxd5 22. Qf5 $14) 18. Qb1 Nc5 $6 {A negative
approach.} (18... Qa8 $5 $11) 19. b4 Ncd7 20. Nb3 (20. Bh3 Rcd8 21. Bxd7 Nxd7)
(20. Nd5 Nxd5 21. exd5 Rxe1+ 22. Rxe1 Nb6 (22... Ne5 $6 23. Nf3 Nxf3+ 24. Bxf3
$14) 23. Nc6 Bxc6 24. dxc6 d5 $11) 20... Nb6 (20... Ne5 21. Na5 Ba8 22. Nd5
Nxd5 23. exd5 $14) 21. Na5 Ba8 22. Rd4 $1 $14 {What keeps some edge.} Nfd7 23.
Nd5 (23. Bh3 $2 Ne5 $1 24. Bxc8 Nf3+ 25. Kg2 Nxe1+ 26. Qxe1 Qxc8 $17) 23... Ne5
{Draw offer} 24. Ne3 Nc6 25. Nxc6 Bxc6 26. Bh3 Bd7 {This has surprised me.} (
26... Rcd8 27. Rc1 Qa8 28. Bg2 $14) 27. Bxd7 Nxd7 28. Rdd1 Nb6 (28... Qb7 29.
f3 $14 (29. Nd5 $6 Nb6 30. Nxb6 Qxb6 $11)) 29. Rc1 Rxc1 $6 {Another negative
move.} (29... Qb7 30. Bd4 Nc4 31. Nxc4 bxc4 32. Bc3 d5 33. exd5 Qxd5 34. Rxe8
Rxe8 35. Re1 Rxe1+ 36. Qxe1 $11) 30. Rxc1 Rc8 (30... Qb7 31. Bd4 $1 Nc4 32.
Nxc4 bxc4 (32... Qxe4 33. Qxe4 Rxe4 34. Nb6 Rxd4 35. Rc8 $18) 33. f3 $11) 31.
Bd4 $5 (31. Rxc8 Qxc8 32. Qd3 Na4 (32... Nc4 $2 33. Nxc4 bxc4 34. Qd4 $16) 33.
Bd4 Qc1+ 34. Kg2 $16) 31... Nc4 32. Nxc4 (32. Qd3 Nxe3 33. Bxe3 $14) 32... bxc4
(32... Rxc4 33. Rxc4 bxc4 34. Bc3 $14 (34. a4 d5 35. b5 dxe4 36. b6 Qb7 37. Qc2
Qc6 38. Qb2 Qb7 $11)) 33. a4 d5 34. b5 axb5 (34... dxe4 $2 35. bxa6 Qd6 36. Qb6
$16) 35. Qxb5 dxe4 $2 {This is the real mistake in the game.So far we have got
an equal game.Some slight inaccuracy here and there by both sides were not so
effective on the result but now comes the real mistake by black.} (35... Qxb5
$8 36. axb5 Bc5 $1 37. Bxc5 Rxc5 38. b6 Rb5 39. exd5 Rxb6 40. Rxc4 Kf8 (40...
g6 41. Kg2 Rd6 42. Rd4 Kg7 43. f4 Kf6 44. Kf3 Ke7 45. Ke4 Ra6 46. g4 Kd6 47.
Rb4 (47. Rc4 Ra2 48. Rc6+ Kd7 49. h4 Re2+ 50. Kd4 Rd2+ 51. Ke5 Re2+ 52. Kf6 Re4
$11)) 41. Kg2 Rd6 42. Rd4 Ke7 43. Kf3 f5 44. Kf4 Kf6 45. h4 g6 46. g4 fxg4 47.
Kxg4 Ke5 48. Rd1 h6 (48... Rxd5 $2 49. Rxd5+ Kxd5 50. Kg5 Ke6 51. Kh6 Kf6 52.
Kxh7 Kf7 53. f4 Kf6 54. Kg8 $18) 49. h5 gxh5+ 50. Kxh5 Ke4 $11) 36. Qxb8 Rxb8
37. Rxc4 $16 {The a passer is too strong.} f5 38. a5 Ra8 39. Bc3 $1 Ra7 $2 {
Losing a tempo for nothing.} (39... g6 40. Rc6 Bg7 41. Bd2 Bd4 42. a6 Kf7 43.
Bf4 $16) (39... Ra6 40. h4 (40. Rc7 g5) 40... Kf7 41. Rc7+ Ke6 42. Rb7 $16) 40.
Rc6 $1 $18 Kf7 41. a6 Rd7 $2 (41... Ke8 42. Bd4 Kd7 43. Rb6 (43. Rf6 $2 Be7)
43... Ra8 44. h4 Kc7 45. Kg2 $18 {and white would have sweated more.}) 42. Be5
$1 {Now the a line is unstoppable because due to the threat of Rc7.} 1-0

[Event "WchT 5th"]
[Site "Yerevan"]
[Date "2001.10.12"]
[Round "1.3"]
[White "Arencibia Rodriguez, Walter"]
[Black "Iuldachev, Saidali"]
[Result "1/2-1/2"]
[WhiteElo "2533"]
[BlackElo "2523"]
[Annotator "Bangiev,A"]
[PlyCount "65"]
[EventDate "2001.10.12"]
[EventType "team-tourn"]
[EventRounds "9"]
[EventCountry "ARM"]
[SourceTitle "CBM 086"]
[Source "ChessBase"]
[SourceDate "2002.02.05"]
[SourceVersion "1"]
[SourceVersionDate "2002.02.05"]
[SourceQuality "1"]
[WhiteTeam "Cuba"]
[BlackTeam "Uzbekistan"]
[WhiteTeamCountry "CUB"]
[BlackTeamCountry "UZB"]

1. d4 {Meulders} Nf6 2. c4 d6 3. Nc3 Nbd7 4. e4 e5 5. Nf3 Be7 6. Be2 O-O 7. O-O
c6 8. Qc2 (8. Rb1 {Meulders} a5 9. Qc2 Qc7 10. Rd1 Re8 11. dxe5 dxe5 12. a3 Nf8
13. b4 (13. h3 {Meulders}) 13... axb4 14. axb4 Bg4 15. Be3 Ne6 $11 {1-0 Dekker,
A-Visser,Y/NED 1992/EXT 97 (53)}) 8... a6 9. Rd1 Qc7 10. Rb1 Re8 11. dxe5 $5 {
Ein aktiver Zug (damit das Angriffsziel für Weiß, der Bauer auf e5, befestigt
wird), der allerdings das Feld c5 schwächt.} (11. b4 exd4 $5 (11... a5 12. b5
exd4 13. Nxd4 Nc5 14. f3 Bf8 15. Kh1 Nfd7 16. Bf1 Ne5 17. Ba3 g6 18. Qf2 Ned7 {
0-1 Feige,M-Slobodjan,R/Leutersdorf 2000/(36)}) 12. Nxd4 Ne5 13. h3 b5 14. a4
bxc4 15. f4 Nd3 16. Bxd3 cxd3 17. Qxd3 Bf8 18. Nf3 Bb7 {0-1 Szymanski,
M-Malaniuk,V/Bydgoszcz 2000/(33)}) (11. h3 Bf8 12. Be3 exd4 13. Nxd4 Nc5 $132)
11... dxe5 (11... Nxe5 $5) 12. b4 $1 {Weiß soll das Feld c5 kontrollieren.} a5
13. a3 $1 (13. b5 $6 Bc5 (13... Nc5 14. b6 $5) 14. h3 a4 $5 15. Bg5 (15. Nxa4
Rxa4 16. Qxa4 Nxe4) 15... h6 16. Bh4 Qa5 $132) 13... axb4 14. axb4 {Es ist dem
Weißen gelungen, den Bauern e5 als Angriffsobjekt zu befestigen bzw. zu
isolieren. Nun muss er dazu übergehen, den Druck auf den Pe5 zu verstärken.}
Nf8 {Schwarz hat nun nur einen aktiven Plan, nämlich mit dem Springer auf f4
die Felder g2,f3 und damit die Königsstellung des Weißen angreifen zu können.}
15. h3 {Verhindert Nf6-g4 und Bc8-g4 gleichermaßen.} Ng6 (15... Be6 {Meulders}
16. Be3 Ra3 17. Qb2 Rea8 18. Bc1 R3a7 19. b5 Ra5 20. bxc6 bxc6 21. Qb7 Qxb7 22.
Rxb7 Bc5 23. Kf1 $2 (23. Nxe5 $1 {Meulders} Bxf2+ 24. Kxf2 Rxe5 25. Rc7 Nxe4+
26. Nxe4 Rxe4 27. Rxc6 Ra2 28. Rd2 Ra1 29. Bb2 Ra2 $16) 23... N8d7 {0-1 Frick,
R-Lobron,E/Graz 1993/CBM 35 (31)}) 16. c5 $5 {Dies stellt eine typische Idee
für derartigen Positionen dar: Weiß bemüht sich u.a. das wichtige Feld d6
anzugreifen, u.a. den Springer auf c4 (mit den Druck auf den Feldern b6,d6,e5)
plazieren zu können. Meulders: 'Weiß steht um eine Wenigkeit besser, aber die
schwarze Stellung ist genügend fest und weist keine Schwächen auf.'} Nh5 17.
Bc4 {Dies ist ziemlich unlogisch. Der weißfeldrige Läufer ist der beste
Verteidiger der weißen Feldern und vor allem des Feldes g2.} (17. Na4 $5 Nhf4 (
17... Be6 18. Be3 Nhf4 19. Bf1) 18. Bf1 Be6 19. Be3 (19. Nb6 Rad8 (19... Ra2
20. Bb2) 20. Bb2 $14) 19... Red8 20. Nb6 Ra2 (20... Rxd1 $2 21. Nxa8) 21. Qc3
Rxd1 22. Rxd1 f6 (22... Ne2+ $2 23. Bxe2 Rxe2 24. Nd2 $16) 23. Bc4 $1 $16) (17.
Bf1 Nhf4 18. Nd2 Rd8 $5 (18... Be6 19. Nc4) (18... b5 19. cxb6 Qxb6 20. Nc4 Qc7
) 19. Bb2 Be6 20. Nc4 Rd4 $132) 17... Nhf4 18. Na4 Be6 $1 {Schwarz bemüht sich
konsequent die Stellung zu vereinfachen.} 19. Nb6 Rad8 20. Bb2 (20. Bxe6 Rxd1+
21. Qxd1 Nxe6 $132) 20... Rxd1+ (20... Bxc4 21. Nxc4 f6 22. Rxd8 Rxd8 23. Rd1
$14) 21. Rxd1 Rd8 22. Rxd8+ Bxd8 23. Qd2 f6 24. Bc1 Nf8 25. Bxe6+ N4xe6 26. Qa2
Qf7 27. Nc4 Nc7 28. Qc2 Nb5 {Meulders: 'Schwarz kann immer rechtzeitig einen
eventuellen Nachteil verhindern.'} 29. Be3 Bc7 30. Qd3 Qd7 31. Qxd7 Nxd7 32.
Ne1 Kf7 33. Nd3 1/2-1/2

[Event "YUG-chT"]
[Site "Cetinje"]
[Date "1993.??.??"]
[Round "6"]
[White "Itkis, Boris"]
[Black "Kovacevic, Predrag"]
[Result "1-0"]
[WhiteElo "2435"]
[BlackElo "2395"]
[Annotator "Belov,I"]
[PlyCount "81"]
[EventDate "1993.??.??"]
[EventType "team"]
[EventRounds "11"]
[EventCountry "YUG"]
[SourceTitle "CBM 038"]
[Source "ChessBase"]
[SourceDate "1994.02.01"]
[SourceVersion "1"]
[SourceVersionDate "1994.02.01"]
[SourceQuality "1"]

1. d4 Nf6 2. Nf3 d6 3. c4 Nbd7 4. Nc3 c6 5. e4 e5 6. Be2 Be7 7. O-O O-O 8. Be3
a6 9. d5 cxd5 10. cxd5 Ng4 (10... b5 11. Nd2 Nb6 (11... Nxe4 12. Ncxe4 f5 13.
a4 bxa4 14. Qxa4 fxe4 15. Nxe4 Nf6 16. Nxf6+ Rxf6 17. b4 $16 {Kasparov,G-Stein,
B 1987 simult/}) 12. a4 bxa4 13. Nxa4 Nxa4 14. Rxa4 Bd7 15. Ra2 $1 Qb8 16. f3
Bb5 17. Bxb5 Qxb5 18. Qa4 $1 $14 {Dlugi,M-Kogan,B Ester Park 1987/}) 11. Bd2 $5
(11. Bc1 b5 12. h3 Ngf6 $14 {Malaniuk,V-Hickl,J Calcutta 1993/}) 11... b5 12.
b4 (12. Ne1 $5 Ngf6 13. Nc2 (13. Nd3 Nb6 $2 (13... Nc5 $1 14. f3 Nxd3 15. Bxd3
Nd7 $10 {Chekhov/}) 14. Nb4 Bd7 15. Rc1 a5 16. Nc6 $16 {Ulibin,M-Ikonnikov,V
Cheliabinsk 1991/}) 13... Nc5 14. f3 Bd7 15. b4 Na4 16. Nxa4 bxa4 17. Na3 $1
$14 {Chekhov,V-Hickl,J BRD 1992 Inf 57/73/}) 12... Nb6 13. a4 bxa4 14. Nxa4
Nxa4 (14... Nf6 15. Nc3 $1 Qc7 16. Qb3 Qb7 17. Ra5 Ne8 18. b5 $1 $16 {Piskov,
Y-Ikonnikov,V Douai 1993 Inf 57/73/}) (14... f5 $5 15. exf5 Bxf5 16. Nc3 Qc8
17. Qb3 Qb7 18. Ra5 Nd7 19. h3 Ngf6 20. Nh4 g6 21. Nxf5 gxf5 22. Qa3 Rfb8 23.
Rb1 Bd8 24. Rxa6 Bb6 $14 {Belov,I-Petrosian,A Moscow 1991/}) 15. Rxa4 Bb7 (
15... Nf6 16. Qc2 Ne8 $2 17. b5 f5 18. exf5 Bb7 19. bxa6 Bxd5 20. Bc4 Bxc4 21.
Qxc4+ Kh8 22. Rb1 Rxf5 23. Ba5 Rb8 24. Rb7 $1 {1:0 Levin,F-Roos,T Berlin 1992/}
) 16. h3 Nh6 $5 17. Qb3 (17. Bxh6 gxh6 18. Qd3 Kh8 19. Rfa1 Qb6 $14) 17... f5
18. Nxe5 $5 dxe5 (18... fxe4 $6 19. Nc6 $1 $16) 19. d6+ Kh8 20. dxe7 Qxe7 21.
Bxh6 gxh6 22. exf5 Rg8 $6 (22... Rxf5 $5) 23. Bf3 Raf8 24. Qd3 Rg5 $6 (24... e4
25. Qd4+ Qf6 26. Qxf6+ Rxf6 27. Bg4 h5 28. Bxh5 Rxf5 $16) 25. Bxb7 Qxb7 26. g3
Rfxf5 27. Qxa6 $16 Qd7 28. Ra3 Rf8 (28... Rg6 $5 29. Qa8+ Rg8 30. Qe4 $16) 29.
Qxh6 Qf5 30. Rf3 $1 Qxf3 31. Qxg5 Qc3 32. b5 (32. Rd1 $1 $18) 32... Qc5 33. b6
Qxb6 34. Qxe5+ Kg8 35. Qd5+ Kg7 36. Qg5+ Kh8 37. Qd2 Qe6 38. Re1 Qxh3 39. Qd4+
Kg8 40. Qd5+ (40. Re4 $1 h5 41. Qd5+ Kh8 42. Re5 $18) 40... Kh8 41. Re7 (41.
Re7 Qh6 42. Qd4+ Qf6 43. Qxf6+ Rxf6 44. f4 $18) 1-0

[Event "London BBC TV"]
[Site "London"]
[Date "1977.??.??"]
[Round "1"]
[White "Miles, Anthony John"]
[Black "Schmid, Lothar"]
[Result "1-0"]
[WhiteElo "2555"]
[BlackElo "2520"]
[Annotator "Bulletin"]
[PlyCount "75"]
[EventDate "1977.??.??"]
[EventType "k.o."]
[EventRounds "3"]
[EventCountry "ENG"]
[SourceTitle "EXT 1999"]
[Source "ChessBase"]
[SourceDate "1998.11.16"]
[SourceVersion "1"]
[SourceVersionDate "1998.11.16"]
[SourceQuality "1"]

1. c4 Nf6 2. Nc3 d6 3. Nf3 e5 4. d4 Nbd7 5. e4 Be7 6. Be2 c6 7. O-O O-O 8. Re1
Re8 9. Bf1 Bf8 10. h3 a6 11. d5 a5 12. Be3 Nc5 $6 13. dxc6 Nfxe4 (13... bxc6
14. Bxc5 dxc5 15. Qxd8 Rxd8 16. Nxe5 $16) 14. Nxe4 Nxe4 15. Qd5 Nc5 16. Bxc5
bxc6 17. Qxc6 Ra6 18. Qb5 dxc5 19. Rad1 Rd6 20. Rxd6 Bxd6 21. Rd1 Re7 22. Qxc5
Rd7 23. Qb5 Qc7 24. Rd5 $1 Bb7 25. Rxd6 Qxd6 26. c5 Qc7 27. Nxe5 Re7 28. c6
Rxe5 29. Qxb7 Qxb7 30. cxb7 Re8 31. Bd3 Rb8 32. Be4 Kf8 33. a4 f5 $2 (33... Ke7
$1 34. b4 Kd6 $1 35. bxa5 Kc7 36. a6 Kb6 37. Bd3 Ka7 $13 {/=}) 34. Bd5 Ke7 35.
b4 axb4 36. a5 Rxb7 37. Bxb7 b3 38. Ba6 1-0

[Event "London Lewisham Open-01"]
[Site "London"]
[Date "1981.??.??"]
[Round "?"]
[White "Kuligowski, Adam"]
[Black "Westerinen, Heikki MJ"]
[Result "0-1"]
[WhiteElo "2450"]
[BlackElo "2420"]
[Annotator "Bulletin"]
[PlyCount "78"]
[EventDate "1981.??.??"]
[EventType "swiss"]
[EventRounds "9"]
[EventCountry "ENG"]
[SourceTitle "EXT 1999"]
[Source "ChessBase"]
[SourceDate "1998.11.16"]
[SourceVersion "1"]
[SourceVersionDate "1998.11.16"]
[SourceQuality "1"]

1. c4 c6 2. e4 e5 3. Nf3 d6 4. d4 Nd7 5. Nc3 Ngf6 6. Be2 Be7 7. O-O O-O 8. Re1
(8. Be3 $5 $14) 8... a6 9. Bf1 b5 10. c5 $6 (10. a3 $14) 10... Qc7 (10... dxc5
11. dxe5 Ng4 12. Bf4 Qc7 13. e6 Qxf4 14. exd7 Bb7 15. e5 $16) 11. cxd6 Bxd6 12.
h3 Re8 13. a3 Bb7 14. g3 Rad8 15. Bg2 exd4 16. Nxd4 Bc5 $13 17. Nb3 Bb6 18. Bf4
Ne5 19. Qe2 Qe7 20. Rad1 Qe6 21. Qc2 Nc4 22. Kh2 h6 23. Bc1 a5 24. a4 (24. f4
a4 25. Na1 Rd4 $5 $36 (25... Rxd1 26. Rxd1 Ne3 27. Bxe3 Bxe3 28. e5 Nd5 $13))
24... b4 25. Ne2 Rxd1 26. Rxd1 Nd6 $1 27. Nbd4 Qc4 $17 28. Qxc4 Nxc4 29. b3 Na3
$1 30. f3 Rd8 31. e5 Ne8 32. f4 Ba6 (32... Nc2 $1 33. Bb2 Ne3 $19) 33. Rd2 c5
34. Nb5 $8 Rxd2 35. Bxd2 Nxb5 36. axb5 Bxb5 $19 37. Nc1 c4 38. Bf1 $2 c3 39.
Bxc3 Bxf1 0-1

[Event "Tirnavia Reti Memorial-06"]
[Site "Trnava"]
[Date "1984.03.17"]
[Round "2"]
[White "Plaskett, H James"]
[Black "Dobrovolsky, Ladislav"]
[Result "1-0"]
[WhiteElo "2475"]
[BlackElo "2425"]
[Annotator "Chekhov,V"]
[PlyCount "73"]
[EventDate "1984.03.16"]
[EventType "tourn"]
[EventRounds "13"]
[EventCountry "CZE"]
[EventCategory "8"]
[SourceTitle "MCL"]
[Source "ChessBase"]
[SourceDate "1999.07.01"]
[SourceVersion "1"]
[SourceVersionDate "1999.07.01"]
[SourceQuality "1"]

1. c4 c6 2. e4 e5 3. Nf3 d6 4. d4 Nd7 5. Nc3 Ngf6 6. Be2 Be7 7. O-O O-O 8. Re1
(8. d5 $5 a6 9. Be3 cxd5 10. cxd5 Ng4 11. Bd2 b5 12. Ne1 $1 Ngf6 13. Nc2 Nc5
14. f3 Bd7 15. b4 Na4 16. Nxa4 bxa4 17. Na3 $1 $14 {Chekhov,V-Hickl,J/GER/1992/
1/2-1/2/45/}) 8... Qc7 (8... a6 $5) 9. Bf1 Re8 10. Rb1 (10. d5 $5) (10. Be3 $5)
10... Nf8 11. d5 (11. b4 $5 Bg4 12. d5) 11... cxd5 (11... a6 $5) 12. cxd5 a6
13. Be3 $5 Ng4 (13... b5 14. Rc1 Qd8 15. b4 Bd7 16. h3 Qb8 17. Nd2 Rc8 {
/\Bd8,Bb6/}) 14. Bd2 f5 15. h3 (15. Rc1 Qb6) 15... Nf6 16. Rc1 Qd8 (16... Qb6
$5) 17. exf5 Bxf5 18. Qb3 (18. Nh4 Bd7 19. Qf3 {/\Nf5/} e4 $5 20. Qd1 h6 21. g4
Nxg4 22. hxg4 Bxh4 23. Nxe4) 18... N8d7 (18... b5 $2 19. a4 $16) (18... Rb8 19.
a4 {/\Be3,Ba7/}) 19. Nh4 $1 (19. Qxb7 Rb8 20. Qxa6 Rxb2 $44) 19... Nc5 20. Qd1
Bd3 (20... Bc8 21. b4 Ncd7 22. Nf5 $16) 21. Be3 Bxf1 22. Kxf1 Qb6 $6 (22... Rc8
$5 23. b4 Ncd7 24. Nf5 Bf8) 23. Kg1 (23. Na4 $4 Qb5+) 23... Rac8 (23... Qxb2
24. Bxc5 dxc5 25. Rxe5 $16) 24. Nf5 (24. Na4 Qb4 25. Nxc5 Qxh4 26. Ne6 (26.
Nxb7 Rb8 27. Rc7 Qb4) 26... Rxc1 27. Qxc1 (27. Bxc1 Qc4) 27... Nxd5) 24... Qxb2
25. Na4 $1 Qb5 (25... Qxa2 26. Nxc5 dxc5 27. d6 Rcd8 (27... Bf8 28. d7) 28.
Nxe7+ Rxe7 29. dxe7 Rxd1 30. Rcxd1 Qe6 (30... b6 31. Bg5 Ne8 32. Rxe5 {/\Rf5/})
31. Bxc5 $18) (25... Nxa4 $4 26. Rxc8 Rxc8 27. Nxe7+) 26. Nxc5 dxc5 27. Bg5 (
27. d6 Bf8 {/\Qd7/}) 27... Qd7 (27... Bf8 28. Nh6+ Kh8 (28... gxh6 29. Bxf6 Qd7
30. Rxe5) 29. Nf7+ Kg8 30. Nxe5) 28. Rxe5 Bf8 29. Bxf6 Rxe5 $6 (29... gxf6 $5
30. Rxe8 Rxe8 31. Qf3 (31. Qg4+ Kh8 {/\b5,Re5/}) (31. Ne3 b5) 31... Re5 32. Ne3
Kf7) 30. Nh6+ gxh6 31. Bxe5 Qf5 $6 (31... Rd8 32. Bf6 Re8 33. Rc4 $40) (31...
Bg7 32. Bxg7 (32. f4 Re8) 32... Qxg7 33. Rc4 Kh8 34. d6 Qe5 35. d7 Rd8 36. Qf3
Qe7 37. Re4 Qxd7 38. Qf6+ $18) (31... Re8 $5) 32. Rc3 $1 Be7 (32... Qxe5 33.
Qg4+ Kh8 (33... Kf7 34. Rf3+ $18) 34. Qxc8 $18) (32... Bg7 33. Bxg7 Kxg7 34.
Rg3+ Kh8 (34... Kf7 35. Rf3 $18) 35. Qa1+ $18) 33. Rg3+ Bg5 34. f4 Re8 35. d6
Kf7 36. Qd5+ Kg6 37. d7 {37... Rd8 38.fg+-} 1-0

[Event "Yerevan Petrosian Memorial"]
[Site "Yerevan"]
[Date "1986.??.??"]
[Round "?"]
[White "Grigorian, Karen Ashotovich"]
[Black "Lputian, Smbat G"]
[Result "1-0"]
[WhiteElo "2405"]
[BlackElo "2520"]
[Annotator "ChessBase"]
[PlyCount "111"]
[EventDate "1986.05.15"]
[EventType "tourn"]
[EventRounds "15"]
[EventCountry "URS"]
[SourceTitle "EXT 1999"]
[Source "ChessBase"]
[SourceDate "1998.11.16"]
[SourceVersion "1"]
[SourceVersionDate "1998.11.16"]
[SourceQuality "1"]

1. d4 Nf6 2. c4 d6 3. Nc3 Nbd7 4. Nf3 c6 5. e4 e5 6. Be2 Be7 7. O-O O-O 8. Re1
a6 9. Bf1 b5 10. a3 Bb7 11. Bg5 Re8 12. Rc1 h6 13. Bh4 $146 (13. Bxf6 $5 Bxf6
14. d5 cxd5 15. cxb5 $5 $14) 13... Qb8 14. b4 $14 {()} Bd8 $6 15. Qb3 Qa7 16.
dxe5 dxe5 17. Rcd1 Nf8 18. a4 $1 $16 Ng4 19. Bg3 bxa4 20. Nxa4 Bc7 21. Rd2 Bc8
22. Ra1 Nf6 23. Nc3 Qb7 24. c5 Nh5 (24... a5 25. b5 $16) 25. Bc4 Be6 26. Nd5 $1
Nxg3 27. hxg3 Nd7 28. Rxa6 $1 Rxa6 29. Bxa6 Qxa6 30. Nxc7 Bxb3 31. Nxa6 Nf6 32.
b5 $1 $18 cxb5 33. c6 Nxe4 34. Re2 Nd6 35. c7 f6 36. Rd2 Nc8 37. Nh4 Be6 38.
Nc5 Kf7 39. Rd8 b4 (39... Bc4 40. Nf5 {/\Rc8,Nb7-d6}) 40. Nxe6 b3 41. Nc5 b2
42. Rd1 Re7 43. Na4 Rxc7 44. Nxb2 Ne7 45. g4 Rc2 46. Rd7 Ke6 47. Rb7 e4 48. Rb5
g6 49. g3 Rc1+ 50. Kg2 Kf7 51. Rb4 Rb1 52. Nd3 Rd1 53. Nc5 f5 54. gxf5 gxf5 55.
Rb7 Rd5 56. Rc7 1-0

[Event "Sochi Chigorin Memorial"]
[Site "Sochi"]
[Date "1986.??.??"]
[Round "1"]
[White "Gligoric, Svetozar"]
[Black "Vaganian, Rafael A"]
[Result "1-0"]
[WhiteElo "2520"]
[BlackElo "2600"]
[Annotator "ChessBase"]
[PlyCount "59"]
[EventDate "1986.09.??"]
[EventType "tourn"]
[EventRounds "15"]
[EventCountry "URS"]
[EventCategory "12"]
[SourceTitle "MCL"]
[Source "ChessBase"]
[SourceDate "1999.07.01"]
[SourceVersion "1"]
[SourceVersionDate "1999.07.01"]
[SourceQuality "1"]

1. d4 Nf6 2. c4 d6 3. Nc3 Nbd7 4. e4 e5 5. Nf3 c6 6. Be2 Be7 7. O-O O-O 8. Rb1
$1 (8. h3 Re8 9. Be3 a6 10. Re1 (10. Qc2 b5 11. b4 Bb7 12. Rfd1 Qc7 13. Rac1
$14) 10... Qc7 11. Bf1 h6 12. Rc1 Qb8 13. b4 $36 {()}) 8... Re8 9. Qc2 a6 (9...
Bf8 10. Rd1 $14) 10. b4 Qc7 11. h3 $1 exd4 (11... b5 $142 $5 $132) 12. Nxd4 Bf8
13. Bf4 b5 14. Nf3 $1 (14. c5 Ne5 $13) 14... bxc4 15. Bxc4 Ne5 16. Nxe5 (16.
Bxe5 dxe5 17. Ng5 Re7 $14) 16... dxe5 17. Be3 $16 Rb8 18. a3 Nh5 $6 (18... a5
$142 19. bxa5 Rxb1 20. Rxb1 Qxa5 21. a4 Bc5 22. Bxc5 Qxc5 23. Qb3 Be6 24. Bxe6
Rxe6 25. Qb4 $16 {o^a4}) 19. Rfd1 Nf4 20. Bf1 {/\Nd5} Qe7 21. Ne2 Qf6 (21...
Qg5 22. g3 Nxe2+ 23. Bxe2 $18) 22. Rbc1 a5 $138 23. bxa5 Bxa3 24. Qxc6 $1 $18
Be6 25. Rb1 Rbc8 26. Qa4 Bf8 27. a6 g5 28. a7 {/\ Qe8!, Rb8} Red8 29. Rxd8 Qxd8
30. Rd1 1-0

[Event "Interzonal-14c"]
[Site "Zagreb"]
[Date "1987.??.??"]
[Round "11"]
[White "Polugaevsky, Lev"]
[Black "Hickl, Joerg"]
[Result "1/2-1/2"]
[WhiteElo "2595"]
[BlackElo "2455"]
[Annotator "ChessBase"]
[PlyCount "122"]
[EventDate "1987.08.01"]
[EventType "tourn"]
[EventRounds "17"]
[EventCountry "YUG"]
[EventCategory "12"]
[SourceTitle "CBM 004"]
[Source "ChessBase"]
[SourceDate "1988.06.01"]
[SourceVersion "1"]
[SourceVersionDate "1988.06.01"]
[SourceQuality "1"]

1. Nf3 Nf6 2. c4 d6 3. d4 Nbd7 4. Nc3 c6 5. e4 e5 6. Be2 Be7 7. O-O O-O 8. Re1
a6 9. Bf1 Re8 10. Bg5 h6 11. Bh4 Nh5 12. Bxe7 Qxe7 13. g3 Nhf6 14. Nh4 Nf8 15.
Qd2 Qc7 16. Rad1 Bg4 17. f3 Bd7 18. Kg2 Rad8 19. Rc1 Qb6 20. d5 cxd5 21. cxd5
Rc8 22. Qf2 Qa5 23. Kg1 Rc5 24. a3 Qc7 25. Ng2 Rc8 26. Ne3 Qd8 27. Rc2 Ng6 28.
Rec1 Ne7 29. Ncd1 Rxc2 30. Rxc2 Rxc2 31. Qxc2 Qc8 32. Qxc8+ Nxc8 33. Nc4 b6 34.
Nc3 Ne8 35. h4 Kf8 36. Ne3 Nc7 37. Kh2 b5 38. Bh3 Bxh3 39. Kxh3 a5 40. b3 h5
41. a4 bxa4 42. Nxa4 Nb5 43. Nc4 Nd4 44. Nxa5 Nxf3 45. g4 hxg4+ 46. Kxg4 Nd4
47. h5 Na7 48. Nc3 Ke7 49. b4 Kd7 50. Nc4 Nab5 51. Nxb5 Nxb5 52. Ne3 Nd4 53.
Nf5 Nxf5 54. Kxf5 Kd8 $2 (54... Kc8 $1 55. Kg4 Kb7 $1 56. Kg5 Kc7 $10) 55. Kg5
{? Kortschnoj} (55. Kg4 {! Kortschnoj} Kc7 (55... Kd7 56. Kf3 $1 Kc7 57. Ke3
Kb6 58. Kd3 Kb5 59. Kc3 $18) 56. Kg5 {! Kortschnoj} Kd7 57. b5 Kc7 58. h6 gxh6+
59. Kxh6 f5 $1 60. exf5 e4 61. f6 e3 62. f7 e2 63. f8=Q e1=Q 64. b6+ Kxb6 (
64... Kb7 65. Qxd6 $18) 65. Qxd6+ Kb7 66. Qd7+ Kb8 67. d6 Qh4+ 68. Kg6 Qe4+ 69.
Qf5 Qc6 70. Qe6 $10 {Kortschnoj gives +-, but this evaluation is wrong!}) 55...
Kc7 56. h6 gxh6+ 57. Kxh6 (57. Kh5 f6 $1 (57... Kb6 $2 58. Kxh6 Kb5 59. Kg7
Kxb4 60. Kxf7 Kc4 61. Ke6 Kd4 62. Kxd6 $18) 58. Kg6 f5 $1 59. Kxf5 Kb6 60. Ke6
Kc7 61. b5 h5 62. b6+ Kb7 63. Kxd6 h4 64. Kxe5 h3 65. d6 Kc6 $10) 57... f5 $10
58. exf5 e4 59. f6 e3 60. f7 e2 61. f8=Q e1=Q 1/2-1/2